000 00510nam a22001577a 4500
008 170120b xxu||||| |||| 00| 0 eng d
022 _a0893-8989
082 _aDPer 363.205 P75 May-Dec 2015 V. 39
100 _918423
_aGriffith, David
245 _aStreaming the chain of evidence/
_cDavid Griffith.
260 _aCalifornia:
_bBobit Business Media,
_cc2015.
300 _apages 22-25;
_c28 cm.
500 _aPolice: the law enforcement magazine.
650 0 _918424
_aCrime
_xEvidence
942 _2ddc
_cPER
999 _c6078
_d6078